Nelson Review of Pediatrics / (Record no. 3627)
[ view plain ]
| 000 -LEADER | |
|---|---|
| fixed length control field | 00883nac a22002291u 4500 |
| 008 - FIXED-LENGTH DATA ELEMENTS--GENERAL INFORMATION | |
| fixed length control field | 091208t1996 pau|||||d|||| 000 0 eng d |
| 010 ## - LIBRARY OF CONGRESS CONTROL NUMBER | |
| LC control number | 98050604 |
| 020 ## - INTERNATIONAL STANDARD BOOK NUMBER | |
| International Standard Book Number | 072165573 |
| 082 00 - DEWEY DECIMAL CLASSIFICATION NUMBER | |
| Classification number | 618.92 |
| Item number | BEH |
| Edition number | 22 |
| 100 ## - MAIN ENTRY--PERSONAL NAME | |
| Personal name | Behrman, Richard E. |
| 9 (RLIN) | 9731 |
| 245 00 - TITLE STATEMENT | |
| Title | Nelson Review of Pediatrics / |
| Statement of responsibility, etc | Richard E. Behrman, R Kliegman Ann M. Arvin |
| 246 30 - VARYING FORM OF TITLE | |
| Title proper/short title | Textbook of pediatrics |
| 260 ## - PUBLICATION, DISTRIBUTION, ETC. (IMPRINT) | |
| Place of publication, distribution, etc | Philadelphia : |
| Name of publisher, distributor, etc | W.B. Saunders Co., |
| Date of publication, distribution, etc | 1996 |
| 300 ## - PHYSICAL DESCRIPTION | |
| Extent | 215 p. : |
| Other physical details | ill. ; |
| Dimensions | 21 cm. |
| 500 ## - GENERAL NOTE | |
| General note | Donated by: Bibliotheca Alexandrina. |
| 650 #0 - SUBJECT ADDED ENTRY--TOPICAL TERM | |
| Topical term or geographic name as entry element | Pediatrics. |
| 9 (RLIN) | 9732 |
| 700 1# - ADDED ENTRY--PERSONAL NAME | |
| Personal name | Behrman, Richard E., |
| Dates associated with a name | 1931- |
| 9 (RLIN) | 9733 |
| 700 1# - ADDED ENTRY--PERSONAL NAME | |
| Personal name | Kliegman, Robert. |
| 9 (RLIN) | 9734 |
| 700 1# - ADDED ENTRY--PERSONAL NAME | |
| Personal name | Jenson, Hal B. |
| 9 (RLIN) | 9735 |
| 942 ## - ADDED ENTRY ELEMENTS (KOHA) | |
| Item type | Book - Borrowing |
| Call number prefix | 618.92 BEH |
| Source of classification or shelving scheme | Dewey Decimal Classification |
| Withdrawn status | Item status | Source of classification or shelving scheme | Damaged status | Not for loan | Home library | Current library | Shelving location | Date acquired | Source of acquisition | Total Checkouts | Total Renewals | Full call number | Barcode | Date last seen | Date last borrowed | Koha item type |
|---|---|---|---|---|---|---|---|---|---|---|---|---|---|---|---|---|
| Dewey Decimal Classification | Central Library | Central Library | First floor | 02/05/2007 | Donation | 4 | 15 | 618.92BEH | 000030340 | 15/07/2025 | 05/11/2015 | Book - Borrowing |